00000000nam 2200000za 4500
0019.856116
003CaOODSP
00520230503113119
007cr |||||||||||
008180503s2018    onc     o    f|0| 0 fre d
040 |aCaOODSP|bfre
043 |an-cn---
0861 |aYC24-0/421-23F-PDF
1101 |aCanada. |bParlement. |bSénat. |bComité sénatorial permanent des affaires juridiques et constitutionnelles.
24513|aLe projet de loi C-45 et la loi sur le cannabis |h[ressource électronique].
260 |a[Ottawa] : |bSénat, |c2018.
300 |a15 p.
4901 |aRapport du Comité sénatorial permanent des affaires juridiques et constitutionnelles ; |v23e rapport, 42e législature, 1er session
500 |aPubl. aussi en anglais sous le titre : Bill C-45 and the Cannabis Act.
500 |aTitre de la légende.
504 |aComprend des références bibliographiques.
69207|2gccst|aMarijuana
77508|tBill C-45 and the Cannabis Act |w(CaOODSP)9.856115
830#0|aRapport du Comité sénatorial permanent des affaires juridiques et constitutionnelles ;|v23e rapport, 42e législature, 1er session|w(CaOODSP)9.502806
85640|qPDF|s195 Ko|uhttps://publications.gc.ca/collections/collection_2018/sen/yc24-0/YC24-0-421-23-fra.pdf